00876cam a2200193 i 4500001000800000005001700008008004100025010000700066020001500073040001800088050001600106100001900122245004500141260003200186300003400218504003900252505037100291650002000662462725420210414113856.0780213s1978 nyua b 001 0 eng  a  a0393090361 aDLCcDLCdDLC00aHB171.5.V371 aVarian, Hal R.10aMicroeconomic analysis /cHal R. Varian. aNew York :bNorton,cc1978. axii, 284 p. :bill. ;c25 cm. aIncludes bibliographies and index. aContents: Theory of the firm -- Theory of the market -- Theory of the consumer -- Econometric and economic theory -- General equilibrium theory and welfare economics -- Topics in general equlibrium theory and welfare economics -- Topics in general equilibrium theory -- Topics in welfare economics -- Topics in the economics of information -- Mathematical appendix. 0aMicroeconomics.